BicopShield: Miniatúrne dvojrotorové didaktické zariadenie

Salvato in:
Dettagli Bibliografici
Autore principale: Nemček, Martin (Autore)
Altri autori: Gulan, Martin (Relatore della tesi)
Natura: Manoscritto Libro
Lingua:slovacco
Pubblicazione: 2024
Soggetti:
Accesso online:http://is.stuba.sk/zp/portal_zp.pl?podrobnosti=178118
Tags: Aggiungi Tag
Nessun Tag, puoi essere il primo ad aggiungerne!!

MARC

LEADER 00000ntm a22000003a 4500
001 stuzp99314
003 SK-STU
005 20241120083733.2
007 ta
008 150427s2015----xo-----f-mn---000-0-slo-d
040 |a STU  |b slo 
041 0 |a slo 
100 1 |a Nemček, Martin  |u 020020  |4 aut  |U SjF Strojnícka fakulta  |T SjF Ústav automatizácie, informatizácie a merania  |X 98708  |U J0020  |Y 802  |7 98708 
242 0 1 |a BicopShield: Miniaturized didactic bicopter device  |y eng 
245 1 0 |a BicopShield: Miniatúrne dvojrotorové didaktické zariadenie 
260 |c 2024 
650 4 |a bikoptéra  |2 slo 
650 4 |a Arduino  |2 slo 
650 4 |a model dynamiky  |2 slo 
650 4 |a výučba  |2 slo 
650 4 |a riadenie  |2 slo 
650 4 |a vnorený hardvér  |2 slo 
650 4 |a Arduino  |2 eng 
650 4 |a dynamics model  |2 eng 
650 4 |a control  |2 eng 
650 4 |a embedded hardware  |2 eng 
650 4 |a education  |2 eng 
650 4 |a Bicopter  |2 eng 
700 1 |a Gulan, Martin  |u 020020  |k Z1  |4 ths  |U SjF Strojnícka fakulta  |T SjF Ústav automatizácie, informatizácie a merania  |X 49587  |U J0020  |Y 802  |7 A000049587 
856 4 |u http://is.stuba.sk/zp/portal_zp.pl?podrobnosti=178118 
996 |b 284J047655  |c J* 3750/DDP  |l JJSK  |s A  |a 24  |w stuzp99314_0001